| 000 | 00450pab a2200169 454500 | ||
|---|---|---|---|
| 008 | 180718b2000 xxu||||| |||| 00| 0 eng d | ||
| 100 | _aJayaprakash, N.D. | ||
| 245 | _aNuclear disarmament and India | ||
| 260 | _c2000 | ||
| 300 | _ap.525-33 | ||
| 362 | _a12 Feb | ||
| 650 | _aDisarmament - India | ||
| 650 | _aNuclear nonproliferation - India | ||
| 650 | _aNuclear nonproliferation | ||
| 773 | _aEconomic and Political Weekly | ||
| 909 | _a44014 | ||
| 999 |
_c44014 _d44014 |
||